| 000 | 00605nam a2200217Ia 4500 | ||
|---|---|---|---|
| 008 | 251203s9999||||xx |||||||||||||| ||und|| | ||
| 020 | _a9567059241 | ||
| 041 | _aes | ||
| 082 | _a341 G192d 1998 HNA | ||
| 100 | _aGamboa Serazzi, Fernando | ||
| 245 | 0 | _aDerecho internacional público | |
| 260 | _aTalca, Chile | ||
| 260 | _bUniversidad de Talca | ||
| 260 | _c1998 | ||
| 300 | _a836 p. | ||
| 500 | _aColección Humberto Nogueira Alcalá | ||
| 650 |
_aCONVENCIONES INTERNACIONALES _91739 |
||
| 650 |
_aDERECHO INTERNACIONAL _91740 |
||
| 650 |
_aHISTORIA DEL DERECHO _91700 |
||
| 942 |
_cLIBRO _2ddc |
||
| 999 |
_c19672 _d19672 |
||